MCU Movies By Battle Scenes - Hard - Statistics

General Stats
  • This quiz has been taken 234 times
  • The average score is 18 of 20
Answer Stats
Picture Answer % Correct
Iron Man 2
98%
Shang-Chi and the Legend of the Ten Rings
98%
Spider-Man: Far From Home
96%
Black Panther
95%
The Incredible Hulk
95%
Avengers: Endgame
94%
Avengers: Infinity War
94%
Captain America: Civil War
94%
Thor: Ragnarok
94%
Thor: Love and Thunder
93%
Ant-Man
92%
Black Widow
92%
Doctor Strange
92%
Captain Marvel
88%
Guardians of the Galaxy Vol. 2
88%
Iron Man 3
88%
Avengers: Age of Ultron
87%
The Avengers
86%
Eternals
84%
Deadpool & Wolverine
83%
No matching quizzes found
Score Distribution
Percent of People with Each Score
Percentile by Number Answered
Your Score History
You have not taken this quiz